[Event "Mike Shpan mem."]
[Site "Winnipeg CAN"]
[Date "2012.11.06"]
[Round "1"]
[White "Green, Jim"]
[Black "Gilbang, Jhun"]
[Result "1/2-1/2"]
[WhiteElo "1714"]
[BlackElo "1530"]
[PlyCount "108"]
[GameId "2160767909411555"]
[EventDate "2012.11.06"]
[EventType "swiss"]
[EventRounds "6"]
[EventCountry "CAN"]
[SourceTitle "EXT 2022"]
[Source "ChessBase"]
[SourceDate "2021.10.06"]
[SourceVersion "1"]
[SourceVersionDate "2021.10.06"]
[SourceQuality "1"]

1. e4 d5 2. exd5 Qxd5 3. Nf3 Bg4 4. Be2 Nc6 5. O-O O-O-O 6. Nc3 Qa5 7. d3 e5 8. h3 Bh5 9. Bd2 f5 10. Qc1 Bxf3 11. Bxf3 Nd4 12. Bd1 Nf6 13. Ne2 Qd5 14. Nxd4 Qxd4 15. Bc3 Qd6 16. Qe3 Nd5 17. Qxe5 Qxe5 18. Bxe5 Rg8 19. a3 Bd6 20. Bxd6 Rxd6 21. Bf3 Nf6 22. Rfe1 b6 23. Re7 Kd8 24. Rae1 Rd4 25. R7e6 Rd6 26. Bc6 Rxe6 27. Rxe6 Rf8 28. h4 Rf7 29. Kf1 Re7 30. Rxe7 Kxe7 31. Bf3 h6 32. Ke2 Ke6 33. c3 c5 34. g3 Ne8 35. Ke3 Nc7 36. a4 a5 37. d4 Kf6 38. c4 g5 39. hxg5+ hxg5 40. Bg2 Ne6 41. d5 Nd4 42. f3 Nc2+ 43. Kd2 Nb4 44. f4 gxf4 45. gxf4 Na6 46. Ke3 Nb8 47. Bf1 Nd7 48. Bd3 Nf8 49. Kf3 Ng6 50. Bc2 Nh4+ 51. Kg3 Ng6 52. Kf3 Nh8 53. Kg2 Nf7 54. Kg3 Nd6 1/2-1/2

[Event "Mike Shpan mem."]
[Site "Winnipeg CAN"]
[Date "2012.11.06"]
[Round "1"]
[White "Reimer, Bruce"]
[Black "Remillard, John"]
[Result "1-0"]
[WhiteElo "1554"]
[BlackElo "1770"]
[PlyCount "59"]
[GameId "2160767909411557"]
[EventDate "2012.11.06"]
[EventType "swiss"]
[EventRounds "6"]
[EventCountry "CAN"]
[SourceTitle "EXT 2022"]
[Source "ChessBase"]
[SourceDate "2021.10.06"]
[SourceVersion "1"]
[SourceVersionDate "2021.10.06"]
[SourceQuality "1"]

1. c4 g6 2. g3 Bg7 3. Nc3 e6 4. Bg2 Ne7 5. e4 O-O 6. Nge2 c6 7. O-O Re8 8. d4 d5 9. cxd5 exd5 10. e5 Be6 11. h3 Qd7 12. Kh2 Na6 13. Ng1 f6 14. f4 fxe5 15. fxe5 Rf8 16. g4 Rxf1 17. Bxf1 Nc7 18. Bf4 Rf8 19. Kg3 h6 20. h4 Bf7 21. Qd2 Ne6 22. Bxh6 Bxh6 23. Qxh6 Nxd4 24. Bd3 Qe6 25. Qg5 Kg7 26. Nh3 Be8 27. Nf4 Ndf5+ 28. gxf5 Qxe5 29. f6+ Qxf6 30. Nh5+ 1-0

[Event "Mike Shpan mem."]
[Site "Winnipeg CAN"]
[Date "2012.11.06"]
[Round "1"]
[White "Sharma, Gautam"]
[Black "Czarny, Keith"]
[Result "0-1"]
[WhiteElo "1339"]
[BlackElo "1657"]
[PlyCount "66"]
[GameId "2160767909411558"]
[EventDate "2012.11.06"]
[EventType "swiss"]
[EventRounds "6"]
[EventCountry "CAN"]
[SourceTitle "EXT 2022"]
[Source "ChessBase"]
[SourceDate "2021.10.06"]
[SourceVersion "1"]
[SourceVersionDate "2021.10.06"]
[SourceQuality "1"]

1. e4 e6 2. Nf3 d5 3. e5 c5 4. b3 Nc6 5. Bb5 Bd7 6. O-O Nge7 7. c4 a6 8. Bxc6 Bxc6 9. d4 cxd4 10. Nxd4 Ng6 11. Re1 Bc5 12. g3 dxc4 13. Bb2 Bd5 14. Nd2 cxb3 15. N2xb3 Ba7 16. Nf3 O-O 17. Nbd4 Qb6 18. Bc3 Rac8 19. Rb1 Qc7 20. Bb4 Rfd8 21. Qe2 Bxf3 22. Nxf3 Qc2 23. Bd6 b5 24. Kg2 Rc4 25. h4 Rdc8 26. Rb2 Qf5 27. Rb4 Rc2 28. Qf1 Rxf2+ 29. Qxf2 Bxf2 30. Kxf2 Rc2+ 31. Re2 Rc3 32. Re3 Qc2+ 33. Re2 Qd3 0-1

[Event "Mike Shpan mem."]
[Site "Winnipeg CAN"]
[Date "2012.11.06"]
[Round "1"]
[White "Trueman, Francis"]
[Black "Towns, Barry"]
[Result "1-0"]
[WhiteElo "1491"]
[BlackElo "1705"]
[PlyCount "90"]
[GameId "2160767909411559"]
[EventDate "2012.11.06"]
[EventType "swiss"]
[EventRounds "6"]
[EventCountry "CAN"]
[SourceTitle "EXT 2022"]
[Source "ChessBase"]
[SourceDate "2021.10.06"]
[SourceVersion "1"]
[SourceVersionDate "2021.10.06"]
[SourceQuality "1"]

1. Nf3 Nf6 2. d3 Nc6 3. Nbd2 e5 4. e4 d5 5. g3 Bg4 6. Bg2 d4 7. O-O Qd7 8. Re1 O-O-O 9. a4 a5 10. Nc4 h5 11. h4 Bb4 12. Bd2 Bxd2 13. Qxd2 Nb4 14. Nxa5 c5 15. Nc4 Qe6 16. Nfxe5 Nd7 17. Nxf7 Bh3 18. a5 Bxg2 19. Kxg2 Qg4 20. Nxd8 Kxd8 21. Qg5+ Kc7 22. Qxg4 hxg4 23. Re2 b6 24. axb6+ Nxb6 25. Nxb6 Kxb6 26. e5 Re8 27. Kf1 Nd5 28. Rc1 Re6 29. Ke1 Nb4 30. Kd2 Na2 31. Rb1 Kb5 32. c3 c4 33. dxc4+ Kxc4 34. b3+ Kc5 35. cxd4+ Kxd4 36. Ke1 Nc3 37. Rd2+ Kxe5 38. Rc1 Ne4 39. Re2 Kd5 40. Rc4 Re8 41. Rcxe4 Rxe4 42. Rxe4 Kxe4 43. Ke2 Kd4 44. b4 g6 45. b5 Kc5 1-0

[Event "Mike Shpan mem."]
[Site "Winnipeg CAN"]
[Date "2012.11.06"]
[Round "1"]
[White "Wolchock, Theo"]
[Black "Huston-Earle, Joshua"]
[Result "1-0"]
[WhiteElo "1689"]
[BlackElo "1352"]
[PlyCount "45"]
[GameId "2160767909411560"]
[EventDate "2012.11.06"]
[EventType "swiss"]
[EventRounds "6"]
[EventCountry "CAN"]
[SourceTitle "EXT 2022"]
[Source "ChessBase"]
[SourceDate "2021.10.06"]
[SourceVersion "1"]
[SourceVersionDate "2021.10.06"]
[SourceQuality "1"]

1. c4 e5 2. g3 Nf6 3. Bg2 d6 4. Nc3 Nc6 5. e3 Bd7 6. Nge2 g6 7. O-O Bg7 8. d4 O-O 9. Re1 Bf5 10. a3 Bg4 11. Qc2 Bxe2 12. Nxe2 Qe7 13. b4 e4 14. Bb2 Ng4 15. Qxe4 Qxe4 16. Bxe4 f5 17. Bd5+ Kh8 18. Nf4 Rfe8 19. Ne6 Rxe6 20. Bxe6 Re8 21. Bd7 Re4 22. Bxc6 bxc6 23. f3 1-0

[Event "Mike Shpan mem."]
[Site "Winnipeg CAN"]
[Date "2012.11.13"]
[Round "2"]
[White "Campbell, Jamie"]
[Black "Green, Jim"]
[Result "1-0"]
[WhiteElo "1704"]
[BlackElo "1714"]
[PlyCount "88"]
[GameId "2160767909411561"]
[EventDate "2012.11.06"]
[EventType "swiss"]
[EventRounds "6"]
[EventCountry "CAN"]
[SourceTitle "EXT 2022"]
[Source "ChessBase"]
[SourceDate "2021.10.06"]
[SourceVersion "1"]
[SourceVersionDate "2021.10.06"]
[SourceQuality "1"]

1. Nf3 d5 2. c4 Nf6 3. cxd5 Nxd5 4. e4 Nf6 5. Be2 Nc6 6. Nc3 e6 7. O-O Be7 8. d4 O-O 9. a3 a6 10. b4 Re8 11. e5 Nd5 12. Qc2 f6 13. Rd1 f5 14. Na4 h6 15. Nc5 Bxc5 16. dxc5 Bd7 17. Bc4 Nce7 18. Nd4 Qc8 19. f4 Nc6 20. Nxf5 exf5 21. Bxd5+ Be6 22. Qxf5 Kh8 23. Bxe6 Rxe6 24. Bb2 Qe8 25. Rd3 Rd8 26. Rad1 Rxd3 27. Qxd3 Re7 28. Qd5 Qg6 29. Rd3 Qf5 30. Qc4 Re8 31. g3 Re7 32. Qc2 Qg4 33. Qg2 Rd7 34. Rxd7 Qxd7 35. Qe2 Qe6 36. Qd3 Ne7 37. Qd8+ Kh7 38. Qxc7 Qd5 39. Qd6 Qe4 40. Qd2 Nf5 41. Qf2 Qb1+ 42. Kg2 Qe4+ 43. Kh3 h5 44. Qd2 Nh6 1-0

[Event "Mike Shpan mem."]
[Site "Winnipeg CAN"]
[Date "2012.11.13"]
[Round "2"]
[White "Gilbang, Jhun"]
[Black "Einarsson, Ken"]
[Result "0-1"]
[WhiteElo "1530"]
[BlackElo "1726"]
[PlyCount "80"]
[GameId "2160767909411562"]
[EventDate "2012.11.06"]
[EventType "swiss"]
[EventRounds "6"]
[EventCountry "CAN"]
[SourceTitle "EXT 2022"]
[Source "ChessBase"]
[SourceDate "2021.10.06"]
[SourceVersion "1"]
[SourceVersionDate "2021.10.06"]
[SourceQuality "1"]

1. e4 c6 2. d4 d5 3. e5 e6 4. Nc3 c5 5. Nf3 cxd4 6. Nxd4 Bc5 7. Bb5+ Bd7 8. O-O a6 9. Be2 Ne7 10. Be3 Bxd4 11. Qxd4 Nbc6 12. Qg4 O-O 13. Bd4 Nxd4 14. Qxd4 Nc6 15. Qf4 Qc7 16. Rae1 Qxe5 17. Qxe5 Nxe5 18. Bxa6 Nf3+ 19. gxf3 Rxa6 20. a3 Rc8 21. Rc1 d4 22. Ne4 e5 23. Rfe1 Rac6 24. c3 Rg6+ 25. Kh1 f5 26. Ng3 Bc6 27. h3 Bxf3+ 28. Kh2 f4 29. Ne4 Rg2+ 30. Kh1 Rxf2+ 31. Kg1 Rxb2 32. Nf2 Rxc3 33. Rxc3 dxc3 34. Nd3 Re2 35. Kf1 Rxe1+ 36. Kxe1 Be4 37. Nxe5 c2 38. Kd2 h5 39. h4 b5 40. Kc1 f3 0-1

[Event "Mike Shpan mem."]
[Site "Winnipeg CAN"]
[Date "2012.11.13"]
[Round "2"]
[White "Reimer, Bruce"]
[Black "Wolchock, Theo"]
[Result "1-0"]
[WhiteElo "1554"]
[BlackElo "1689"]
[PlyCount "67"]
[GameId "2160767909411563"]
[EventDate "2012.11.06"]
[EventType "swiss"]
[EventRounds "6"]
[EventCountry "CAN"]
[SourceTitle "EXT 2022"]
[Source "ChessBase"]
[SourceDate "2021.10.06"]
[SourceVersion "1"]
[SourceVersionDate "2021.10.06"]
[SourceQuality "1"]

1. c4 c5 2. g3 g6 3. Bg2 Bg7 4. Nc3 Nc6 5. e4 e6 6. Nge2 Nge7 7. O-O O-O 8. d3 d6 9. Be3 a6 10. Qd2 Rb8 11. Bh6 b5 12. Bxg7 Kxg7 13. a4 b4 14. Nd1 Na5 15. Qc2 Qc7 16. b3 Kg8 17. Ne3 Bb7 18. Rad1 Nac6 19. d4 cxd4 20. Nxd4 Nxd4 21. Rxd4 Rfd8 22. Rfd1 Nc6 23. R4d2 Rd7 24. Ng4 Qd8 25. e5 Qe7 26. Nf6+ Kg7 27. Nxd7 Qxd7 28. Rxd6 Qc7 29. Qe2 Qb6 30. Qd2 Qc5 31. Bxc6 Bxc6 32. Qd4 Qxd4 33. R1xd4 Bf3 34. Rxa6 1-0

[Event "Mike Shpan mem."]
[Site "Winnipeg CAN"]
[Date "2012.11.13"]
[Round "2"]
[White "Remillard, John"]
[Black "Huston-Earle, Joshua"]
[Result "1/2-1/2"]
[WhiteElo "1770"]
[BlackElo "1352"]
[PlyCount "75"]
[GameId "2160767909411564"]
[EventDate "2012.11.06"]
[EventType "swiss"]
[EventRounds "6"]
[EventCountry "CAN"]
[SourceTitle "EXT 2022"]
[Source "ChessBase"]
[SourceDate "2021.10.06"]
[SourceVersion "1"]
[SourceVersionDate "2021.10.06"]
[SourceQuality "1"]

1. Nf3 Nf6 2. c4 d5 3. e3 e6 4. a3 Be7 5. b4 O-O 6. Bb2 Nbd7 7. Qc2 c5 8. b5 Qc7 9. Bd3 e5 10. cxd5 g6 11. Nc3 c4 12. Be2 Nb6 13. e4 Ne8 14. Na4 f5 15. Bxe5 Bd6 16. Nxb6 axb6 17. Bxc4 Bd7 18. Qc3 Ra5 19. a4 fxe4 20. Ng5 Rf5 21. Bxd6 Nxd6 22. Ne6 Bxe6 23. dxe6 Qxc4 24. Qxc4 Nxc4 25. Ke2 Nd6 26. Rhc1 Ra8 27. Rc7 Rc8 28. Rd7 Rd5 29. Ra3 Re8 30. Rc3 Rxe6 31. Rcc7 Kf8 32. Rxh7 Kg8 33. Rcg7+ Kf8 34. Rc7 Kg8 35. Rhg7+ Kf8 36. Rh7 Kg8 37. Rhg7+ Kf8 38. Rh7 1/2-1/2

[Event "Mike Shpan mem."]
[Site "Winnipeg CAN"]
[Date "2012.11.13"]
[Round "2"]
[White "Trueman, Francis"]
[Black "Leaden, Bruce"]
[Result "0-1"]
[WhiteElo "1491"]
[BlackElo "1640"]
[PlyCount "88"]
[GameId "2160767909411566"]
[EventDate "2012.11.06"]
[EventType "swiss"]
[EventRounds "6"]
[EventCountry "CAN"]
[SourceTitle "EXT 2022"]
[Source "ChessBase"]
[SourceDate "2021.10.06"]
[SourceVersion "1"]
[SourceVersionDate "2021.10.06"]
[SourceQuality "1"]

1. Nf3 d5 2. d3 Nf6 3. Nbd2 c5 4. g3 Nc6 5. Bg2 e6 6. O-O Be7 7. c3 b6 8. Re1 O-O 9. e4 dxe4 10. dxe4 Bb7 11. Qe2 e5 12. Nc4 Qc7 13. a4 a5 14. h4 Nh5 15. Nh2 Nf6 16. Ne3 Rfd8 17. Kh1 Bf8 18. g4 Ne7 19. Rg1 Nxe4 20. Nc4 Nd6 21. Qxe5 Bxg2+ 22. Rxg2 Ng6 23. Qg3 Nxh4 24. Nxd6 Nxg2 25. Ne4 Qxg3 26. fxg3 Ne1 27. Bf4 Nc2 28. Rc1 Re8 29. Nd2 Ne3 30. Bc7 Nd5 31. Bf4 Nxf4 32. gxf4 Re2 33. Nc4 Rb8 34. Kg1 Re4 35. Ne5 Rxf4 36. Nc6 Re8 37. Rd1 Rfe4 38. Kg2 Re2+ 39. Kg3 g6 40. Nf3 Rxb2 41. Kh4 Bg7 42. c4 Rc2 43. Rd5 Rxc4 44. Nce5 Bxe5 0-1

[Event "Mike Shpan mem."]
[Site "Winnipeg CAN"]
[Date "2012.11.20"]
[Round "3"]
[White "Einarsson, Ken"]
[Black "Campbell, Jamie"]
[Result "1-0"]
[WhiteElo "1726"]
[BlackElo "1704"]
[PlyCount "117"]
[GameId "2160767909411568"]
[EventDate "2012.11.06"]
[EventType "swiss"]
[EventRounds "6"]
[EventCountry "CAN"]
[SourceTitle "EXT 2022"]
[Source "ChessBase"]
[SourceDate "2021.10.06"]
[SourceVersion "1"]
[SourceVersionDate "2021.10.06"]
[SourceQuality "1"]

1. d4 Nf6 2. c4 c5 3. d5 b5 4. b3 g6 5. Bb2 Bg7 6. Nf3 O-O 7. e3 Bb7 8. Be2 bxc4 9. Bxc4 d6 10. O-O Nbd7 11. Re1 Nb6 12. e4 Nxc4 13. bxc4 e6 14. Nbd2 exd5 15. exd5 Rb8 16. Rb1 Re8 17. Bxf6 Bxf6 18. Qa4 Rxe1+ 19. Rxe1 Qc7 20. Rb1 Bc8 21. Rxb8 Qxb8 22. Qe8+ Kg7 23. h3 Qb7 24. Ne4 Be7 25. Nfg5 Bxg5 26. Nxg5 Bf5 27. Qe2 Qb1+ 28. Kh2 h6 29. Nf3 Qc2 30. Qxc2 Bxc2 31. Kg3 Kf6 32. Kf4 Bb1 33. a3 Ba2 34. Nd2 g5+ 35. Ke4 Kg6 36. g4 f5+ 37. gxf5+ Kf6 38. f4 h5 39. fxg5+ Kxg5 40. h4+ Kf6 41. a4 Kg7 42. a5 a6 43. Kf4 Kh6 44. Ke3 Kg7 45. Kf3 Kh7 46. Kf4 Kh6 47. f6 Kg6 48. f7 Kxf7 49. Kg5 Kg7 50. Kxh5 Kf6 51. Kg4 Ke5 52. h5 Kd4 53. h6 Bxc4 54. Nxc4 Kxc4 55. h7 Kxd5 56. h8=Q Kc4 57. Qf6 Kd5 58. Qf3+ Kd4 59. Qd1+ 1-0

[Event "Mike Shpan mem."]
[Site "Winnipeg CAN"]
[Date "2012.11.20"]
[Round "3"]
[White "Gilbang, Jhun"]
[Black "Towns, Barry"]
[Result "1-0"]
[WhiteElo "1530"]
[BlackElo "1705"]
[PlyCount "113"]
[GameId "2160767909411569"]
[EventDate "2012.11.06"]
[EventType "swiss"]
[EventRounds "6"]
[EventCountry "CAN"]
[SourceTitle "EXT 2022"]
[Source "ChessBase"]
[SourceDate "2021.10.06"]
[SourceVersion "1"]
[SourceVersionDate "2021.10.06"]
[SourceQuality "1"]

1. e4 e5 2. d4 exd4 3. Qxd4 Nc6 4. Qa4 Nf6 5. Bg5 h6 6. Bh4 Be7 7. Nc3 O-O 8. O-O-O a6 9. h3 b5 10. Bxb5 Bb7 11. Bxc6 Bxc6 12. Qd4 g5 13. Bg3 Nh5 14. Nge2 Bf6 15. e5 Bg7 16. Rhg1 Re8 17. Bh2 d6 18. g4 Rxe5 19. Bxe5 Bxe5 20. Qxe5 dxe5 21. Rxd8+ Rxd8 22. gxh5 f5 23. f4 exf4 24. Nxf4 Kf7 25. Ng6 Kf6 26. Re1 Bf3 27. Ne7 Rd7 28. Ng8+ Kg7 29. Re7+ Rxe7 30. Nxe7 Kf6 31. Ned5+ Bxd5 32. Nxd5+ Ke5 33. Nxc7 g4 34. hxg4 fxg4 35. Kd2 Kf4 36. Ke2 Kg5 37. Kf2 Kxh5 38. Kg3 Kg5 39. Ne6+ Kf5 40. Nf4 Kg5 41. c4 Kf5 42. b4 h5 43. Nxh5 Ke5 44. Kxg4 Kd4 45. c5 Kd5 46. Kf4 a5 47. a3 a4 48. Nf6+ Kc6 49. Ke4 Kc7 50. Kd5 Kb7 51. b5 Kc7 52. Ne8+ Kb8 53. c6 Ka8 54. b6 Kb8 55. Nd6 Ka8 56. b7+ Ka7 57. c7 1-0

[Event "Mike Shpan mem."]
[Site "Winnipeg CAN"]
[Date "2012.11.20"]
[Round "3"]
[White "Huston-Earle, Joshua"]
[Black "Green, Jim"]
[Result "0-1"]
[WhiteElo "1352"]
[BlackElo "1714"]
[PlyCount "101"]
[GameId "2160767909411570"]
[EventDate "2012.11.06"]
[EventType "swiss"]
[EventRounds "6"]
[EventCountry "CAN"]
[SourceTitle "EXT 2022"]
[Source "ChessBase"]
[SourceDate "2021.10.06"]
[SourceVersion "1"]
[SourceVersionDate "2021.10.06"]
[SourceQuality "1"]

1. e4 Nf6 2. Nc3 e5 3. Nf3 Nc6 4. Bc4 Bc5 5. O-O O-O 6. d3 a6 7. Nd5 h6 8. h3 d6 9. Nh2 Na5 10. Be3 Nxc4 11. dxc4 Nxe4 12. Qd3 f5 13. g4 Bxe3 14. Nxe3 Nc5 15. Qd5+ Be6 16. Qg2 f4 17. Nf5 Kh7 18. Nf3 Bxf5 19. gxf5 Rxf5 20. Qg4 g6 21. Kh2 Qe7 22. Rg1 Qf7 23. Rg2 e4 24. Nh4 Rg5 25. Qd1 Rxg2+ 26. Nxg2 f3 27. Ne3 Qf4+ 28. Kh1 Re8 29. Nd5 Qh4 30. Qg1 Qxh3+ 31. Qh2 Qxh2+ 32. Kxh2 Re5 33. Nxc7 e3 34. fxe3 Rxe3 35. Rf1 Re2+ 36. Kg3 f2 37. Rxf2 Ne4+ 38. Kf3 Rxf2+ 39. Kxe4 h5 40. Kd5 h4 41. Ne6 Kh6 42. Kxd6 h3 43. Kc7 h2 44. Kxb7 h1=Q+ 45. Kxa6 Qc6+ 46. Ka5 Qxe6 47. b4 Qxc4 48. a4 Rf8 49. c3 Qxc3 50. Ka6 Qxb4 51. Ka7 0-1

[Event "Mike Shpan mem."]
[Site "Winnipeg CAN"]
[Date "2012.11.20"]
[Round "3"]
[White "Leaden, Bruce"]
[Black "Reimer, Bruce"]
[Result "1/2-1/2"]
[WhiteElo "1640"]
[BlackElo "1554"]
[PlyCount "104"]
[GameId "2160767909411571"]
[EventDate "2012.11.06"]
[EventType "swiss"]
[EventRounds "6"]
[EventCountry "CAN"]
[SourceTitle "EXT 2022"]
[Source "ChessBase"]
[SourceDate "2021.10.06"]
[SourceVersion "1"]
[SourceVersionDate "2021.10.06"]
[SourceQuality "1"]

1. d4 Nf6 2. c4 g6 3. Nc3 Bg7 4. e4 d6 5. h3 O-O 6. Nf3 e5 7. d5 c6 8. Be3 cxd5 9. cxd5 a6 10. a4 Nbd7 11. b4 b6 12. Be2 Bb7 13. O-O Qe7 14. Nd2 Rfc8 15. Rc1 h6 16. Nb3 Rc7 17. f3 Rac8 18. Qd2 Nh5 19. Kh2 Nf4 20. Na2 Rxc1 21. Rxc1 Nxe2 22. Rxc8+ Bxc8 23. Qxe2 Qd8 24. Qc2 Bf8 25. Qc1 Kh7 26. Nc3 Nf6 27. Ne2 Nh5 28. Qc6 Bd7 29. Qxb6 Qxb6 30. Bxb6 Bxa4 31. Na5 Bb5 32. Nc3 Nf4 33. Nxb5 axb5 34. Nb7 Nd3 35. Ba5 f5 36. Nd8 fxe4 37. fxe4 Be7 38. Ne6 Bh4 39. Nc7 Be1 40. Nxb5 Bxb4 41. Bxb4 Nxb4 42. Nxd6 Kg7 43. Nc4 Kf6 44. Ne3 Nd3 45. Ng4+ Kg7 46. d6 Nc5 47. Nxe5 Ne6 48. Nc4 Nc5 49. e5 Kf7 50. Kg3 Ke6 51. Nb6 Kxe5 52. d7 Ne6 1/2-1/2

[Event "Mike Shpan mem."]
[Site "Winnipeg CAN"]
[Date "2012.11.20"]
[Round "3"]
[White "Wolchock, Theo"]
[Black "Trueman, Francis"]
[Result "1-0"]
[WhiteElo "1689"]
[BlackElo "1491"]
[PlyCount "93"]
[GameId "2160767909411572"]
[EventDate "2012.11.06"]
[EventType "swiss"]
[EventRounds "6"]
[EventCountry "CAN"]
[SourceTitle "EXT 2022"]
[Source "ChessBase"]
[SourceDate "2021.10.06"]
[SourceVersion "1"]
[SourceVersionDate "2021.10.06"]
[SourceQuality "1"]

1. c4 Nf6 2. g3 d6 3. Bg2 g6 4. Nc3 Bg7 5. e3 O-O 6. Nge2 c6 7. O-O Qc7 8. d4 Nbd7 9. Bd2 e5 10. Rc1 Re8 11. b4 Nf8 12. a4 a6 13. Qb3 e4 14. Na2 Ne6 15. Qc2 Ng5 16. Nf4 Nf3+ 17. Bxf3 exf3 18. Qd1 g5 19. Nd3 Bg4 20. c5 Ne4 21. Nc3 Nxd2 22. Qxd2 Qd7 23. Rfd1 Bh5 24. Ne1 Qh3 25. e4 Bh6 26. e5 dxe5 27. Ne4 Re6 28. Qd3 exd4 29. Nxf3 Bg6 30. Re1 Bxe4 31. Rxe4 Rxe4 32. Qxe4 g4 33. Rd1 gxf3 34. Qxf3 Re8 35. Qf6 Bg7 36. Qf4 d3 37. Qd2 Rd8 38. Qg5 Rd5 39. Qe7 d2 40. Qxb7 Re5 41. Qb8+ Bf8 42. Qxe5 Bg7 43. Qe3 Bh6 44. Qe8+ Kg7 45. Qe5+ Kg8 46. f4 Bg7 47. Qe8+ 1-0

[Event "Mike Shpan mem."]
[Site "Winnipeg CAN"]
[Date "2012.11.27"]
[Round "4"]
[White "Czarny, Keith"]
[Black "Reimer, Bruce"]
[Result "1-0"]
[WhiteElo "1657"]
[BlackElo "1554"]
[PlyCount "76"]
[GameId "2160767909411574"]
[EventDate "2012.11.06"]
[EventType "swiss"]
[EventRounds "6"]
[EventCountry "CAN"]
[SourceTitle "EXT 2022"]
[Source "ChessBase"]
[SourceDate "2021.10.06"]
[SourceVersion "1"]
[SourceVersionDate "2021.10.06"]
[SourceQuality "1"]

1. Nf3 Nf6 2. c4 g6 3. Nc3 Bg7 4. g3 d6 5. d4 O-O 6. Bg2 Nbd7 7. O-O e5 8. dxe5 dxe5 9. Bg5 h6 10. Bxf6 Bxf6 11. Qc1 Bg7 12. Rd1 c6 13. Qc2 Qe7 14. Ne4 Nb6 15. c5 Nd5 16. Nd6 Bg4 17. h3 Be6 18. Rac1 Rfd8 19. b3 Rd7 20. Nc4 Nb4 21. Rxd7 Bxd7 22. Qb1 Rd8 23. Nd6 b6 24. Ne4 Bf5 25. g4 Bxe4 26. Qxe4 bxc5 27. a3 Nd5 28. Qc2 Nf4 29. e3 Nd3 30. Rd1 e4 31. Nd2 Nb2 32. Rb1 Nd3 33. Nxe4 f5 34. gxf5 gxf5 35. Ng3 Qg5 36. Rd1 f4 37. exf4 Nxf4 38. Rxd8+ Qxd8 1-0

[Event "Mike Shpan mem."]
[Site "Winnipeg CAN"]
[Date "2012.11.27"]
[Round "4"]
[White "Einarsson, Ken"]
[Black "Leaden, Bruce"]
[Result "1-0"]
[WhiteElo "1726"]
[BlackElo "1640"]
[PlyCount "79"]
[GameId "2160767909411575"]
[EventDate "2012.11.06"]
[EventType "swiss"]
[EventRounds "6"]
[EventCountry "CAN"]
[SourceTitle "EXT 2022"]
[Source "ChessBase"]
[SourceDate "2021.10.06"]
[SourceVersion "1"]
[SourceVersionDate "2021.10.06"]
[SourceQuality "1"]

1. d4 d5 2. c4 e6 3. Nc3 Bb4 4. Bd2 Nf6 5. e3 O-O 6. Nf3 b6 7. cxd5 exd5 8. Bd3 Ba6 9. Qc2 Bxd3 10. Qxd3 Re8 11. O-O c6 12. Rac1 Bxc3 13. Bxc3 Ne4 14. Bb4 a5 15. Ba3 b5 16. b3 Qb6 17. Ne5 b4 18. Bb2 Qa6 19. Qc2 f6 20. Nxc6 Nxc6 21. Qxc6 Qxc6 22. Rxc6 Rec8 23. Rfc1 Nc3 24. Rxc8+ Rxc8 25. Kf1 Rc7 26. Bxc3 bxc3 27. Ke2 Kf7 28. Kd3 c2 29. Rxc2 Ra7 30. Rc5 Ke6 31. Kc3 f5 32. f4 Kd6 33. Kb2 h6 34. Ka3 g5 35. fxg5 hxg5 36. Ka4 Re7 37. Rc3 Ra7 38. Kb5 Rc7 39. Rxc7 Kxc7 40. Kc5 1-0

[Event "Mike Shpan mem."]
[Site "Winnipeg CAN"]
[Date "2012.11.27"]
[Round "4"]
[White "Green, Jim"]
[Black "Wolchock, Theo"]
[Result "1-0"]
[WhiteElo "1714"]
[BlackElo "1689"]
[PlyCount "95"]
[GameId "2160767909411576"]
[EventDate "2012.11.06"]
[EventType "swiss"]
[EventRounds "6"]
[EventCountry "CAN"]
[SourceTitle "EXT 2022"]
[Source "ChessBase"]
[SourceDate "2021.10.06"]
[SourceVersion "1"]
[SourceVersionDate "2021.10.06"]
[SourceQuality "1"]

1. e4 d5 2. exd5 c6 3. Nf3 cxd5 4. d4 Bg4 5. Be2 Nf6 6. O-O e6 7. h3 Bxf3 8. Bxf3 Bd6 9. c4 O-O 10. c5 Bc7 11. Nc3 h6 12. a3 a6 13. Be3 Nc6 14. b4 e5 15. b5 axb5 16. Nxb5 e4 17. Nxc7 Qxc7 18. Be2 b6 19. cxb6 Qxb6 20. a4 Rfb8 21. Bb5 Na7 22. Rb1 Nxb5 23. Rxb5 Qa7 24. Qb3 Rxb5 25. axb5 Qb6 26. Rb1 Rd8 27. Qc3 Qb7 28. Bf4 Rc8 29. Qa5 Nd7 30. Rc1 Rxc1+ 31. Bxc1 Nb6 32. Bf4 Nc4 33. Qb4 Qb6 34. Qc5 Qb7 35. Bc7 e3 36. fxe3 Nxe3 37. Qb6 Qxb6 38. Bxb6 Nc4 39. Bc7 Kf8 40. b6 Nxb6 41. Bxb6 Ke7 42. Kf2 f5 43. Bc7 Kf7 44. h4 Kg6 45. Kf3 Kf6 46. Be5+ Kf7 47. Kf4 g6 48. h5 1-0

[Event "Mike Shpan mem."]
[Site "Winnipeg CAN"]
[Date "2012.11.27"]
[Round "4"]
[White "Remillard, John"]
[Black "Sharma, Gautam"]
[Result "1/2-1/2"]
[WhiteElo "1770"]
[BlackElo "1339"]
[PlyCount "66"]
[GameId "2160767909411577"]
[EventDate "2012.11.06"]
[EventType "swiss"]
[EventRounds "6"]
[EventCountry "CAN"]
[SourceTitle "EXT 2022"]
[Source "ChessBase"]
[SourceDate "2021.10.06"]
[SourceVersion "1"]
[SourceVersionDate "2021.10.06"]
[SourceQuality "1"]

1. Nf3 d5 2. c4 Bg4 3. cxd5 Bxf3 4. exf3 Qxd5 5. Nc3 Qd6 6. Bb5+ c6 7. Be2 Nf6 8. O-O g6 9. d4 e6 10. Bg5 Bg7 11. Bxf6 Bxf6 12. Ne4 Qe7 13. Re1 Qd8 14. Qb3 b6 15. Rad1 Bxd4 16. Bc4 O-O 17. Bxe6 fxe6 18. Qxe6+ Kh8 19. Nd6 Qf6 20. Rxd4 Qxd4 21. Nf7+ Kg7 22. Ng5 Qf6 23. Qxf6+ Rxf6 24. Ne6+ Kg8 25. Nc7 Rf7 26. Re8+ Kg7 27. Nxa8 Na6 28. a3 Rd7 29. Kf1 Kf7 30. Rc8 Ke7 31. Rxc6 Kd8 32. b4 Rb7 33. b5 Nc5 1/2-1/2

[Event "Mike Shpan mem."]
[Site "Winnipeg CAN"]
[Date "2012.11.27"]
[Round "4"]
[White "Trueman, Francis"]
[Black "Gilbang, Jhun"]
[Result "0-1"]
[WhiteElo "1491"]
[BlackElo "1530"]
[PlyCount "86"]
[GameId "2160767909411578"]
[EventDate "2012.11.06"]
[EventType "swiss"]
[EventRounds "6"]
[EventCountry "CAN"]
[SourceTitle "EXT 2022"]
[Source "ChessBase"]
[SourceDate "2021.10.06"]
[SourceVersion "1"]
[SourceVersionDate "2021.10.06"]
[SourceQuality "1"]

1. Nf3 d5 2. d3 Nc6 3. Nbd2 Bg4 4. e4 d4 5. g3 e5 6. Bg2 Bb4 7. O-O Bxd2 8. Bxd2 Qd6 9. h3 Bh5 10. c4 dxc3 11. Bxc3 O-O-O 12. g4 Bg6 13. a4 h5 14. Nh4 Nd4 15. Nxg6 Qxg6 16. f4 hxg4 17. f5 Qh5 18. Qxg4 Qxg4 19. hxg4 Ne2+ 20. Kf2 Nxc3 21. bxc3 Rxd3 22. Rfc1 Nh6 23. Ke2 Rhd8 24. Rd1 Rxc3 25. f6 gxf6 26. Bf3 a5 27. g5 fxg5 28. Rh1 Rd6 29. Rad1 Rxd1 30. Rxd1 g4 31. Bg2 g3 32. Rh1 Rc6 33. Ke3 Rf6 34. Rh5 Re6 35. Bh3 f5 36. exf5 Rf6 37. Rg5 Kd8 38. Rh5 Ke7 39. Kf3 g2 40. Kxg2 e4 41. Kf2 Kd6 42. Ke3 Ke5 43. Rg5 Nxf5+ 0-1